[Event "Mechanics' SummerTNM; 30/90, SD/30"]
[Site "San Francisco"]
[Date "2014.06.10"]
[Round "3.13"]
[White "Hua, Arnold"]
[Black "Chandrasekaran, Siddarth"]
[Result "1-0"]
[WhiteElo "1987"]
[BlackElo "1597"]
[Annotator "Donaldson"]
[PlyCount "35"]
[EventDate "2014.??.??"]

1. e4 e5 2. Nf3 Nc6 3. Bb5 d6 (3... a6 4. Ba4 d6 5. Bxc6+ bxc6 6. d4) 4. d4 (4.
Bxc6+ bxc6 5. d4 f6 6. c4) 4... Bd7 5. Nc3 Nf6 6. d5 (6. O-O Be7 7. Re1 O-O (
7... exd4 8. Nxd4 O-O) 8. Bxc6 Bxc6 9. dxe5 dxe5 10. Qxd8 Raxd8 11. Nxe5 Bxe4
12. Nxe4 Nxe4 13. Nd3 f5 14. f3 Bc5+ 15. Nxc5 Nxc5 16. Bg5 {
is the famous Marco trap}) 6... Ne7 7. Bxd7+ Qxd7 8. O-O c6 (8... Ng6) 9. dxc6
bxc6 10. Bg5 Rg8 (10... Ng6 11. Bxf6 gxf6) 11. Qd2 h6 12. Be3 g5 13. Ne1 Nh5 (
13... Ng6) 14. g3 Nf4 15. Kh1 Qh3 16. Rg1 Nh5 17. Qxd6 Ng6 18. Qxc6+ 1-0

[Event "Mechanics' SummerTNM; 30/90, SD/30"]
[Site "San Francisco"]
[Date "2014.05.27"]
[Round "1.16"]
[White "Hua, Arnold"]
[Black "Olson, David"]
[Result "1-0"]
[WhiteElo "1987"]
[BlackElo "1406"]
[PlyCount "65"]
[EventDate "2014.??.??"]

1. e4 c5 2. Nf3 d6 3. d4 Nf6 4. Nc3 g6 5. dxc5 Qa5 6. Bd3 Bg4 7. cxd6 exd6 8.
h3 Bd7 9. O-O Bg7 10. Bf4 d5 11. Bd6 Bf8 12. Be5 Bg7 13. Nxd5 Nxd5 14. Bxg7 Rg8
15. exd5 Rxg7 16. Re1+ Kf8 17. Qe2 f6 18. Bc4 Qc5 19. Rad1 b5 20. Bb3 Na6 21.
Nd4 Re8 22. Qxe8+ Bxe8 23. Ne6+ Kf7 24. Nxc5 Nxc5 25. d6+ Kf8 26. Bd5 Rd7 27.
Bc6 Rd8 28. Rxe8+ Rxe8 29. Bxe8 Kxe8 30. Rd5 Nb7 31. d7+ Kd8 32. Rxb5 Kc7 33.
Rxb7+ 1-0

[Event "Mechanics' Whitehead TNM; 30/90, SD/30"]
[Site "San Francisco"]
[Date "2014.09.23"]
[Round "8.12"]
[White "Jaffray, John"]
[Black "Rosenstein, Perry"]
[Result "1-0"]
[WhiteElo "1997"]
[BlackElo "1767"]
[PlyCount "95"]
[EventDate "2014.??.??"]

1. e4 c5 2. Nf3 d6 3. d4 cxd4 4. Nxd4 Nf6 5. Nc3 g6 6. Be2 Bg7 7. O-O O-O 8.
Be3 Nc6 9. h3 Bd7 10. Qd2 Re8 11. Nb3 a5 12. a4 Nb4 13. Nd4 Rc8 14. Bf3 e6 15.
Rfc1 Bc6 16. Nxc6 bxc6 17. Bg5 Qc7 18. Bf4 Rcd8 19. Rd1 e5 20. Bg5 Rd7 21. Rac1
d5 22. Bxf6 Bxf6 23. exd5 e4 24. d6 Bxc3 25. bxc3 Qb8 26. Bg4 f5 27. Be2 Nd5
28. c4 e3 29. Qd4 exf2+ 30. Kxf2 Ne3 31. Rd3 f4 32. Bf3 Nf5 33. Qc5 Qb2 34.
Rcd1 Qxc2+ 35. R3d2 Qc3 36. Rd3 Qc2+ 37. R3d2 Qc3 38. Kg1 Qe3+ 39. Qxe3 fxe3
40. Re2 Ng3 41. Ree1 Red8 42. c5 e2 43. Bxe2 Nxe2+ 44. Rxe2 Rb8 45. Rde1 Kf7
46. Re7+ Rxe7 47. Rxe7+ Kg8 48. Rc7 1-0

[Event "Mechanics' Whitehead TNM; 30/90, SD/30"]
[Site "San Francisco"]
[Date "2014.09.02"]
[Round "5.4"]
[White "Jaffray, John"]
[Black "Vickers, Keith"]
[Result "1/2-1/2"]
[WhiteElo "1997"]
[BlackElo "2200"]
[PlyCount "69"]
[EventDate "2014.??.??"]

1. e4 d5 2. exd5 Qxd5 3. Nc3 Qa5 4. d4 Nf6 5. Nf3 c6 6. Bd3 Bg4 7. h3 Bh5 8. g4
Bg6 9. Ne5 Nbd7 10. Qe2 Nxe5 11. dxe5 Nd5 12. Bd2 Nxc3 13. Bxc3 Qd5 14. O-O-O
Bxd3 15. Qxd3 Qxd3 16. Rxd3 Rd8 17. Rhd1 Rxd3 18. Rxd3 e6 19. Kd2 Be7 20. Bd4
b6 21. Be3 h5 22. g5 O-O 23. Ke2 Rd8 24. Rxd8+ Bxd8 25. Kf3 Kh7 26. Ke4 Kg6 27.
f4 Kh7 28. a4 Kg8 29. c4 Kf8 30. Bd4 Ke8 31. b3 Kd7 32. b4 g6 33. b5 Be7 34.
Bc3 Bc5 35. Bb2 1/2-1/2

[Event "Mechanics' Whitehead TNM; 30/90, SD/30"]
[Site "San Francisco"]
[Date "2014.09.09"]
[Round "6.7"]
[White "Jaffray, John"]
[Black "Wong, Russell"]
[Result "1/2-1/2"]
[WhiteElo "1997"]
[BlackElo "2200"]
[PlyCount "49"]
[EventDate "2014.??.??"]

1. e4 Nf6 2. e5 Nd5 3. d4 Nb6 4. Nf3 d5 5. exd6 exd6 6. Bd3 Bg4 7. h3 Bh5 8.
O-O Be7 9. Re1 O-O 10. Nbd2 Nc6 11. c3 d5 12. Qc2 Bg6 13. Nf1 Nc4 14. Ne3 Nxe3
15. Bxe3 Qd6 16. Re2 Bf6 17. Rae1 Rfe8 18. Bc1 Qd7 19. Bf4 Rxe2 20. Qxe2 Bxd3
21. Qxd3 a6 22. Re2 Ne7 23. Be5 Bxe5 24. Nxe5 Qf5 25. Qxf5 1/2-1/2

[Event "Mechanics' SummerTNM; 30/90, SD/30"]
[Site "San Francisco"]
[Date "2014.06.10"]
[Round "3.16"]
[White "James, Charles"]
[Black "Abraham, Renjish"]
[Result "1-0"]
[WhiteElo "1517"]
[BlackElo "1859"]
[PlyCount "73"]
[EventDate "2014.??.??"]

1. d4 d5 2. c4 e6 3. Nc3 Nf6 4. cxd5 exd5 5. Bg5 Be7 6. f3 O-O 7. Qc2 c6 8. e3
b5 9. a3 a5 10. Bd3 g6 11. Nge2 Re8 12. O-O Nh5 13. Bxe7 Qxe7 14. e4 dxe4 15.
Nxe4 Be6 16. Rae1 Rc8 17. Nc5 Nd7 18. Nxe6 fxe6 19. g4 Ng7 20. Nf4 Qd6 21. Ne2
Nf6 22. h3 Nd5 23. Qd2 Ne8 24. f4 Rc7 25. Ng3 Rf7 26. Ne4 Qc7 27. Ng5 Rxf4 28.
Nxe6 Rxf1+ 29. Kxf1 Qf7+ 30. Kg1 Nef6 31. Qc2 Re8 32. Qxc6 Nf4 33. Bxb5 Rxe6
34. Rxe6 Qxe6 35. Bc4 N6d5 36. Qxe6+ Nxe6 37. Bxd5 1-0

[Event "Mechanics' Fall TNM; 30/90, SD/30"]
[Site "San Francisco"]
[Date "2014.11.25"]
[Round "5.40"]
[White "James, Charles"]
[Black "Ayinala, Shree"]
[Result "0-1"]
[WhiteElo "1542"]
[BlackElo "1180"]
[PlyCount "30"]
[EventDate "2014.??.??"]

1. d4 Nf6 2. c4 g6 3. Nc3 Bg7 4. f3 O-O 5. e4 d6 6. Be3 e5 7. Nge2 Bd7 8. Qd2
exd4 9. Nxd4 Nc6 10. Rd1 Re8 11. Be2 a6 12. O-O b6 13. Bh6 Nxd4 14. Bxg7 Nxe2+
15. Nxe2 Kxg7 0-1

[Event "Mechanics' Whitehead TNM; 30/90, SD/30"]
[Site "San Francisco"]
[Date "2014.09.30"]
[Round "9.26"]
[White "James, Charles"]
[Black "Casares, Nick"]
[Result "0-1"]
[WhiteElo "1497"]
[BlackElo "1600"]
[PlyCount "48"]
[EventDate "2014.??.??"]

1. d4 d5 2. c4 dxc4 3. Nf3 Bf5 4. e3 e6 5. Bxc4 c6 6. O-O Nf6 7. a3 Nbd7 8. Nc3
Nb6 9. Bd3 Bxd3 10. Qxd3 c5 11. Qb5+ Nfd7 12. dxc5 Bxc5 13. b4 a6 14. Qd3 Be7
15. Bb2 Bf6 16. Rfd1 Qe7 17. Rd2 O-O 18. Nd4 Ne5 19. Qe4 Nbc4 20. Rc2 Nd6 21.
Qf4 Nd3 22. Qg4 Rac8 23. Rd1 Nxb2 24. Rxb2 Rxc3 0-1

[Event "Mechanics' SummerTNM; 30/90, SD/30"]
[Site "San Francisco"]
[Date "2014.06.24"]
[Round "5.19"]
[White "James, Charles"]
[Black "Chalissery, Jossy"]
[Result "0-1"]
[WhiteElo "1517"]
[BlackElo "1723"]
[Annotator "Winslow,Elliott C"]
[PlyCount "83"]
[EventDate "2014.??.??"]

1. d4 Nf6 2. c4 g6 3. f3 Nc6 (3... Bg7) (3... d5) 4. e4 (4. d5) 4... e5 5. dxe5
Nxe5 6. Nc3 Bg7 7. Be3 d6 8. Qd2 Be6 9. Nd5 c6 10. Nxf6+ Bxf6 11. b3 Nxf3+ 12.
Nxf3 Bxa1 13. Bd3 Qf6 14. O-O Bc3 15. Qf2 c5 16. Bg5 Qxg5 17. Nxg5 Bd4 18. Qxd4
cxd4 19. Nf3 Ke7 20. Nxd4 a6 21. Nf3 h6 22. h3 Rac8 23. Nd4 Rc5 24. Nc2 f5 25.
Ne3 Rf8 26. Nd5+ Bxd5 27. exd5 Re8 28. g4 fxg4 29. Bxg6 Rf8 30. Re1+ Kf6 31.
Re6+ Kg5 32. hxg4 Rf6 33. Bf5 Rc7 34. b4 h5 35. Re4 hxg4 36. Bxg4 Rf4 37. Rxf4
Kxf4 38. Be2 Ke3 39. Kf1 Kd4 40. a4 Rxc4 41. Bxc4 Kxc4 42. b5 0-1

[Event "Mechanics' Fall TNM; 30/90, SD/30"]
[Site "San Francisco"]
[Date "2014.11.18"]
[Round "4.42"]
[White "James, Charles"]
[Black "Cole, Tony"]
[Result "0-1"]
[WhiteElo "1542"]
[BlackElo "1417"]
[Annotator "Donaldson"]
[PlyCount "27"]
[EventDate "2014.??.??"]

1. d4 d5 2. c4 Nc6 3. cxd5 Qxd5 4. Nf3 Bg4 5. Nc3 Qa5 6. e3 a6 7. Bd2 e6 8. a3
Bd6 9. Be2 Nge7 10. e4 $2 Qh5 $4 (10... Bxf3 11. Bxf3 Nxd4) 11. e5 O-O-O 12.
exd6 Rxd6 13. Be3 Rhd8 14. O-O {White is winning at this stage, but Black
later swindled him. Remaining moves don't play.} 0-1

[Event "Mechanics' Spring TNM; 30/90, SD/30"]
[Site "San Francisco"]
[Date "2014.03.25"]
[Round "2.30"]
[White "James, Charles"]
[Black "Gandhi, Sid"]
[Result "1-0"]
[WhiteElo "1489"]
[BlackElo "1203"]
[PlyCount "89"]
[EventDate "2014.??.??"]

1. d4 Nf6 2. c4 g6 3. f3 d5 4. cxd5 Nxd5 5. e4 Nb6 6. Be3 e6 7. Bd3 Bg7 8. Ne2
O-O 9. Nbc3 Nc6 10. e5 Nd5 11. Nxd5 Qxd5 12. a3 f6 13. Nc3 Qd8 14. Be4 fxe5 15.
d5 Nd4 16. O-O Nf5 17. Bc5 Rf7 18. dxe6 Bxe6 19. Bxb7 Qxd1 20. Rfxd1 Rb8 21.
Be4 Rxb2 22. Bxa7 Rd7 23. Rxd7 Bxd7 24. Rd1 Be6 25. a4 Nd6 26. Nd5 Nxe4 27.
fxe4 c6 28. Ne7+ Kf7 29. Nxc6 Kf6 30. a5 Bc4 31. Nxe5 Bb3 32. Nd7+ Ke7 33. Bc5+
Ke6 34. Rd6+ Kf7 35. a6 Ra2 36. a7 Bc2 37. e5 Be4 38. Nf6 Bxf6 39. Rxf6+ Ke8
40. e6 Kd8 41. Rf8+ Kc7 42. Rf7+ Kc6 43. e7 Kxc5 44. e8=Q Rxg2+ 45. Kf1 1-0

[Event "Mechanics' SummerTNM; 30/90, SD/30"]
[Site "San Francisco"]
[Date "2014.07.15"]
[Round "8.33"]
[White "James, Charles"]
[Black "Hilliard, Michael"]
[Result "1-0"]
[WhiteElo "1517"]
[BlackElo "1400"]
[PlyCount "39"]
[EventDate "2014.??.??"]

1. d4 d5 2. c4 e6 3. Nc3 Nf6 4. cxd5 exd5 5. f3 Bb4 6. Bg5 Qe7 7. Qc2 Nc6 8.
O-O-O Be6 9. e4 Qd7 10. g4 h6 11. Bxf6 gxf6 12. Bb5 O-O-O 13. Nge2 h5 14. h3
Rh6 15. Nf4 Rhh8 16. exd5 Bxc3 17. dxc6 bxc6 18. Ba6+ Kb8 19. Qxc3 hxg4 20.
Qb4+ 1-0

[Event "Mechanics' Winter TNM; 30/90, SD/30"]
[Site "San Francisco"]
[Date "2014.02.11"]
[Round "6.30"]
[White "James, Charles"]
[Black "Hood, Bryan"]
[Result "1-0"]
[WhiteElo "1529"]
[BlackElo "979"]
[PlyCount "59"]
[EventDate "2014.??.??"]

1. d4 d5 2. c4 e6 3. Nc3 Nf6 4. cxd5 exd5 5. Bg5 Be7 6. Qc2 Nc6 7. Nf3 Bg4 8.
e3 Qd6 9. Bf4 Nb4 10. Qd2 Qb6 11. a3 Qa5 12. Rc1 Ne4 13. Nxe4 dxe4 14. Ne5 Bh5
15. Bc4 b5 16. Bb3 f6 17. O-O fxe5 18. Bxe5 Rc8 19. axb4 Bxb4 20. Qc2 c6 21.
Qxe4 Kd8 22. Qh4+ Be7 23. Qxh5 Qb4 24. Be6 Ra8 25. Rxc6 Qa5 26. Rfc1 g6 27. Qf3
Ke8 28. Rc8+ Rxc8 29. Rxc8+ Bd8 30. Qf7# 1-0

[Event "Mechanics' Winter TNM; 30/90, SD/30"]
[Site "San Francisco"]
[Date "2014.02.18"]
[Round "7.19"]
[White "James, Charles"]
[Black "Newey, Richard"]
[Result "0-1"]
[WhiteElo "1529"]
[BlackElo "1807"]
[PlyCount "64"]
[EventDate "2014.??.??"]

1. d4 Nf6 2. c4 e5 3. dxe5 Ng4 4. Bf4 Nc6 5. Nf3 Bb4+ 6. Nc3 Bxc3+ 7. bxc3 Qe7
8. Qd5 Qa3 9. Qd2 Qa5 10. e4 Ngxe5 11. Nxe5 Nxe5 12. Be3 O-O 13. Be2 b6 14. f4
Nc6 15. O-O Qa3 16. Rf3 Qe7 17. Bd3 d6 18. Re1 f6 19. Qc2 Be6 20. Rg3 Qf7 (
20... Kh8) 21. Qe2 Na5 {Diagram #} 22. f5 $1 Bxc4 23. Bxc4 $2 (23. Bh6 $16)
23... Qxc4 24. Qg4 Rf7 25. Bh6 Qc5+ 26. Kh1 Nc6 $1 27. Bxg7 Ne5 $1 $19 28. Qh4
Rxg7 29. Rh3 Rf8 30. Ree3 Qc4 31. Kg1 Qxa2 32. Qh6 Ng4 {or 32...Qxg2#.} 0-1

[Event "Mechanics' Spring TNM; 30/90, SD/30"]
[Site "San Francisco"]
[Date "2014.04.08"]
[Round "4.32"]
[White "James, Charles"]
[Black "Paquette, James"]
[Result "1-0"]
[WhiteElo "1489"]
[BlackElo "1331"]
[Annotator "Donaldson"]
[PlyCount "115"]
[EventDate "2014.??.??"]

1. d4 c5 2. d5 Nf6 3. c4 b5 4. cxb5 a6 5. Nc3 Qa5 6. Bd2 axb5 7. e4 d6 8. Nxb5
Qb6 9. Qc2 Ba6 10. a4 Nbd7 11. Nf3 g6 12. Bd3 Bg7 13. O-O O-O 14. Ra3 Rfb8 15.
Rb1 Ng4 16. h3 Nge5 17. Be2 Nxf3+ 18. gxf3 Ne5 19. Kg2 e6 20. b4 exd5 21. exd5
Nd7 22. a5 Qd8 23. bxc5 Nxc5 24. Be3 Bxb5 25. Bxb5 Rxa5 26. Rxa5 Qxa5 27. Bc6
Rxb1 28. Qxb1 h5 $3 (28... Qc7 $11) 29. Qb8+ Bf8 $4 (29... Kh7 30. Qxd6 {
was the lesser evil.}) 30. Bh6 Kh7 31. Qxf8 Qc3 32. Bf4 Qf6 33. Qxd6 Qxd6 34.
Bxd6 Na6 35. Be7 ({A question of taste. Some might have preferred} 35. Bb5)
35... Nb8 36. Bb5 Kg7 37. d6 f5 38. Be8 f4 39. h4 Kh7 40. Kf1 Kg7 41. Ke2 g5
42. Bxg5 Kf8 43. Bxh5 Nd7 44. Bxf4 Nf6 45. Bh6+ Kg8 46. Bg6 Nd7 47. Be8 Nf6 48.
d7 Nxd7 49. Bxd7 Kh7 50. Bg5 Kg6 51. f4 Kf7 52. f5 Kg7 53. Be6 Kf8 54. Bf6 Ke8
55. h5 Kf8 56. h6 Ke8 57. h7 Kf8 58. h8=R# 1-0

[Event "Mechanics' Whitehead TNM; 30/90, SD/30"]
[Site "San Francisco"]
[Date "2014.08.26"]
[Round "4.23"]
[White "James, Charles"]
[Black "Poling, Scott"]
[Result "0-1"]
[WhiteElo "1497"]
[BlackElo "1677"]
[PlyCount "50"]
[EventDate "2014.??.??"]

1. d4 d5 2. c4 c6 3. Nc3 dxc4 4. a4 Nf6 5. e4 e5 6. Nf3 Bg4 7. Be2 Bxf3 8. Bxf3
exd4 9. e5 dxc3 10. Qxd8+ Kxd8 11. exf6 cxb2 12. Bxb2 Bb4+ 13. Kd1 c3 14. fxg7
Rg8 15. Bc1 Rxg7 16. Kc2 Na6 17. Bh6 Rg6 18. Rad1+ Ke7 (18... Kc7 19. Be3 Rd8
20. Be4 Rg4 21. Rxd8 Kxd8 22. Rd1+ Ke7 23. Bf5 Rxg2 24. Bxa7 Kf6 25. Bxh7 Bc5
26. Kxc3) 19. Be3 Rd8 20. Be4 Rg4 21. Rxd8 Kxd8 22. Rd1+ Ke7 23. Bf5 Rxg2 24.
Rd7+ Kf6 25. Rxb7 Bc5 {Remaining moves don't play.} 0-1

[Event "Mechanics' Winter TNM; 30/90, SD/30"]
[Site "San Francisco"]
[Date "2014.01.28"]
[Round "4.31"]
[White "James, Charles"]
[Black "Ross, David"]
[Result "1-0"]
[WhiteElo "1529"]
[BlackElo "1102"]
[PlyCount "81"]
[EventDate "2014.??.??"]

1. d4 Nf6 2. c4 g6 3. f3 Bg7 4. e4 d6 5. Be3 O-O 6. Nc3 c5 7. Nge2 Nbd7 8. Nc1
cxd4 9. Bxd4 e5 10. Be3 Nb6 11. Nb5 Ne8 12. c5 Nd7 13. cxd6 a6 14. Nc3 Qf6 15.
b4 Qxd6 16. Qxd6 Nxd6 17. Nd5 Ne8 18. Bd3 b5 19. Nb3 Bb7 20. Nc5 Nxc5 21. Bxc5
Bxd5 22. Bxf8 Bxf8 23. exd5 Bxb4+ 24. Ke2 Nf6 25. Be4 Nxe4 26. fxe4 Bd6 27.
Rac1 Kf8 28. Rc6 Ke7 29. Rhc1 f5 30. Kf3 fxe4+ 31. Kxe4 Rf8 32. Rxa6 Rf4+ 33.
Ke3 Rd4 34. Ra7+ Kf6 35. Rxh7 Rxd5 36. Rf1+ Ke6 37. Rh6 Bc5+ 38. Ke2 Rd6 39.
Rxg6+ Kd5 40. Rxd6+ Bxd6 41. h4 1-0

[Event "Mechanics' Winter TNM; 30/90, SD/30"]
[Site "San Francisco"]
[Date "2014.01.14"]
[Round "2.31"]
[White "James, Charles"]
[Black "Simpkins, Jerry"]
[Result "1-0"]
[WhiteElo "1529"]
[BlackElo "1551"]
[PlyCount "59"]
[EventDate "2014.??.??"]

1. d4 e5 2. dxe5 Nc6 3. Nf3 h6 4. e4 g5 5. g4 Bg7 6. Nc3 Bxe5 7. Nxe5 Nxe5 8.
Be2 d6 9. h3 Ne7 10. Be3 N7g6 11. Qd2 Nh4 12. O-O-O Bd7 13. f4 Nef3 14. Bxf3
Nxf3 15. Qf2 Nh4 16. f5 Bc6 17. Rhe1 Qe7 18. Nd5 Qd8 19. Bd4 Rg8 20. Nf6+ Kf8
21. Nxg8 Kxg8 22. e5 Nf3 23. Re3 Nxd4 24. Rxd4 Be8 25. f6 Bd7 26. h4 Be6 27. b3
d5 28. hxg5 hxg5 29. Rh3 c6 30. Qh2 1-0

[Event "Mechanics' Spring TNM; 30/90, SD/30"]
[Site "San Francisco"]
[Date "2014.04.22"]
[Round "6.23"]
[White "James, Charles"]
[Black "Standen, Julian"]
[Result "0-1"]
[WhiteElo "1489"]
[BlackElo "1637"]
[PlyCount "68"]
[EventDate "2014.??.??"]

1. d4 d5 2. c4 c6 3. Nc3 Nf6 4. e3 a6 5. a4 Bf5 6. Qb3 Ra7 7. f3 e6 8. Nge2 Bd3
$2 9. Nxd5 $1 exd5 10. Qxd3 Bd6 11. c5 Bc7 12. b4 Nbd7 13. Nc3 O-O 14. b5 $2
axb5 15. Qb1 bxa4 16. Bd2 Qe7 17. Bd3 b5 18. cxb6 Bxb6 19. Nxa4 Bxd4 20. Qb4
Qxb4 21. Bxb4 Re8 22. Ra2 Bxe3 23. Nc3 Rxa2 24. Nxa2 Bc5+ 25. Kd2 Bxb4+ 26.
Nxb4 c5 27. Na6 Kf8 28. Bb5 Rc8 29. Kc3 Ke7 30. Re1+ Kd6 31. Bd3 g6 32. f4 d4+
33. Kc4 Nd5 34. Be4 Ne3+ 0-1

[Event "Mechanics' Whitehead TNM; 30/90, SD/30"]
[Site "San Francisco"]
[Date "2014.08.12"]
[Round "2.23"]
[White "Jones, James"]
[Black "Eytan, David"]
[Result "0-1"]
[WhiteElo "2000"]
[BlackElo "1496"]
[PlyCount "52"]
[EventDate "2014.??.??"]

1. e4 e5 2. Bc4 Bc5 3. Nf3 d6 4. b4 Bb6 5. h3 Ne7 6. O-O Nbc6 7. Ng5 d5 8. exd5
Nxd5 9. Qh5 g6 10. Qh6 Be6 11. Nxe6 fxe6 12. Nc3 Ncxb4 13. Ne4 Qe7 14. Bb2 Nxc2
15. Bxe5 Rf8 16. Bb5+ c6 17. Rac1 Bc7 18. Bxc7 Nxc7 19. Bxc6+ bxc6 20. Rxc2 Rf5
21. Rxc6 Rd8 22. Rfc1 Nd5 23. d3 Rh5 24. Qd2 Qb4 25. Rxe6+ Kf7 26. Rf6+ Kg8 {
Scoresheet unreadable; also has Eytan as White, Jones as Black} 0-1

[Event "Mechanics' Winter TNM; 30/90, SD/30"]
[Site "San Francisco"]
[Date "2014.01.14"]
[Round "2.22"]
[White "Kadri, Barbara"]
[Black "Potharam, Eitetsu"]
[Result "0-1"]
[WhiteElo "612"]
[BlackElo "1824"]
[PlyCount "32"]
[EventDate "2014.??.??"]

1. e4 c5 2. d3 g6 3. Nc3 Bg7 4. Nf3 Nc6 5. Be3 d6 6. d4 cxd4 7. Nxd4 Nf6 8. Bb5
Bd7 9. O-O O-O 10. Bc4 Ng4 11. Qd2 Nxe3 12. Nxc6 Nxc4 13. Nxd8 Nxd2 14. Rfd1
Rfxd8 15. Rxd2 Bxc3 16. bxc3 Rac8 0-1

[Event "Mechanics' Spring TNM; 30/90, SD/30"]
[Site "San Francisco"]
[Date "2014.04.01"]
[Round "3.32"]
[White "Kadri, Barbara"]
[Black "Simpkins, Jerry"]
[Result "0-1"]
[WhiteElo "612"]
[BlackElo "1551"]
[Annotator "Donaldson"]
[PlyCount "70"]
[EventDate "2014.??.??"]

1. e4 e5 2. Nf3 Nc6 3. Nc3 Bc5 4. Be2 d6 5. O-O Nf6 6. d3 h6 7. Be3 Nd4 8. Nd5
Be6 9. Nxd4 exd4 10. Bf4 Bxd5 11. exd5 Nxd5 12. Bg3 Qg5 13. Bf3 $1 O-O-O {
Diagram #} 14. Bxd5 (14. h4 $1 {won a piece.}) 14... Qxd5 15. Qg4+ f5 16. Qg6
$2 (16. Qxg7 f4 (16... Rhg8 17. Qxh6) 17. Qg4+ $1 (17. Bxf4 $4 Rhg8)) 16...
Rdf8 17. Rfe1 Bb4 18. c3 dxc3 19. Qe6+ Qxe6 20. Rxe6 Kd7 21. Re2 f4 22. Bh4 g5
23. bxc3 Bxc3 24. Rc1 Be5 25. Bg3 fxg3 26. hxg3 h5 27. Rec2 c5 28. Rb1 b6 29.
a4 h4 30. a5 hxg3 31. axb6 gxf2+ 32. Kf1 Rh1+ 33. Ke2 Rxb1 34. bxa7 f1=Q+ 35.
Kd2 Qe1# 0-1

[Event "Mechanics' Spring TNM; 30/90, SD/30"]
[Site "San Francisco"]
[Date "2014.04.29"]
[Round "7.36"]
[White "Kadri, Barbara"]
[Black "Toziopolous, Stephen"]
[Result "0-1"]
[WhiteElo "612"]
[BlackElo "1215"]
[PlyCount "84"]
[EventDate "2014.??.??"]

1. e4 e5 2. Nf3 Nc6 3. Nc3 Nf6 4. Bc4 Be7 5. d3 O-O 6. Bd2 Re8 7. O-O Bf8 8. h3
d6 9. Ng5 Be6 10. Nxe6 fxe6 11. Bg5 Kh8 12. Qf3 Nd4 13. Qd1 c6 14. Ne2 a5 15.
Nxd4 exd4 16. Qf3 b5 17. e5 dxe5 18. Bxf6 Qxf6 19. Qxf6 gxf6 20. Bxb5 cxb5 21.
c4 dxc3 22. bxc3 Bc5 23. Rab1 Red8 24. Rxb5 Rac8 25. Rfb1 Rxd3 26. Rc1 Rd2 27.
Kf1 Rxf2+ 28. Kg1 Rc2+ 29. Kf1 Rxc1+ 30. Ke2 Bg1 31. Kd2 R8xc3 32. Rb8+ Kg7 33.
Rb7+ Kg6 34. h4 R3c2+ 35. Kd3 e4+ 36. Kxe4 Rxg2 37. h5+ Kxh5 38. Rxh7+ Kg6 39.
Rh4 Rc4+ 40. Kf3 Rf2+ 41. Kg3 Rc3+ 42. Kg4 f5# 0-1

[Event "Mechanics' Whitehead TNM; 30/90, SD/30"]
[Site "San Francisco"]
[Date "2014.08.26"]
[Round "4.14"]
[White "Klinetobe, David"]
[Black "Chalissery, Jossy"]
[Result "1-0"]
[WhiteElo "2017"]
[BlackElo "1716"]
[Annotator "Donaldson"]
[PlyCount "89"]
[EventDate "2014.??.??"]

1. e4 e5 2. Nf3 Nc6 3. Bb5 a6 4. Ba4 Nf6 5. O-O Be7 6. Re1 b5 7. Bb3 d6 8. c3
O-O 9. h3 Nb8 10. d4 Nbd7 11. Nbd2 Bb7 12. Bc2 Re8 13. Nf1 Bf8 14. Ng3 g6 15.
Bg5 h6 16. Be3 exd4 17. Bxd4 c5 18. Bxf6 Qxf6 19. Qd2 Ne5 20. Nxe5 dxe5 21.
Rad1 Rad8 22. Qe3 Rxd1 23. Rxd1 Rd8 24. Qe2 Rxd1+ 25. Qxd1 Qd6 26. Qxd6 Bxd6
27. Nf1 c4 28. Ne3 Bc5 29. Ng4 Bd6 30. Nxh6+ Kg7 31. Ng4 Bc8 32. Ne3 Be6 33.
Nd5 Bxd5 34. exd5 f5 35. b3 cxb3 36. axb3 a5 37. Kf1 b4 38. c4 Kf6 39. Ke2 g5
40. f3 f4 41. Kd3 Kf5 $4 {Diagram #} (41... Bc5 42. Ke4 Bd6 $11) 42. c5 $1 e4+
43. fxe4+ Ke5 44. cxd6 Kxd6 45. Kd4 1-0

[Event "Mechanics' SummerTNM; 30/90, SD/30"]
[Site "San Francisco"]
[Date "2014.06.03"]
[Round "2.10"]
[White "Klinetobe, David"]
[Black "Eastham, Lorraine"]
[Result "1-0"]
[WhiteElo "2017"]
[BlackElo "999"]
[PlyCount "37"]
[EventDate "2014.??.??"]

1. e4 e5 2. Nf3 Nc6 3. Bb5 a6 4. Ba4 Nf6 5. O-O Be7 6. Re1 b5 7. Bb3 O-O 8. c3
d6 9. h3 Bb7 10. d4 exd4 11. cxd4 Re8 12. Ng5 h6 13. Nxf7 Qb8 14. Nxd6+ Kf8 15.
Nxe8 Qxe8 16. e5 Nh7 17. Qf3+ Bf6 18. Qd5 Ne7 19. Qxb7 1-0

[Event "Mechanics' Whitehead TNM; 30/90, SD/30"]
[Site "San Francisco"]
[Date "2014.09.16"]
[Round "7.9"]
[White "Klinetobe, David"]
[Black "Newey, Richard"]
[Result "1-0"]
[WhiteElo "2017"]
[BlackElo "1747"]
[PlyCount "87"]
[EventDate "2014.??.??"]

1. e4 e5 2. Nf3 Nc6 3. Bb5 Nge7 4. O-O d6 5. c3 a6 6. Ba4 b5 7. Bb3 Ng6 8. d4
Be7 9. Be3 O-O 10. Nbd2 Na5 11. Bc2 Bb7 12. a4 exd4 13. cxd4 c5 14. Qe2 b4 15.
Rfd1 Qc7 16. b3 Rac8 17. Rac1 Qb6 18. d5 Bf6 19. Ng5 h6 20. Ngf3 Rfe8 21. g4
Bb2 22. Rb1 Bd4 23. g5 Bxe3 24. Qxe3 h5 25. Nf1 Ne5 26. Nxe5 Rxe5 27. f4 Ree8
28. Ng3 g6 29. Kh1 Qc7 30. Qf3 Rcd8 31. Nxh5 gxh5 32. Qxh5 Nxb3 33. Rxb3 c4 34.
Rh3 Kf8 35. Qh8+ Ke7 36. Qf6+ Kd7 37. Qf5+ Ke7 38. e5 dxe5 39. Qf6+ Kd7 40.
Bf5+ Re6 41. Bxe6+ Kd6 42. Qxe5+ Kc5 43. Qxc7+ Bc6 44. Qxc6# 1-0

[Event "Mechanics' SummerTNM; 30/90, SD/30"]
[Site "San Francisco"]
[Date "2014.07.15"]
[Round "8.5"]
[White "Klinetobe, David"]
[Black "Niemann, Hans"]
[Result "0-1"]
[WhiteElo "2017"]
[BlackElo "2097"]
[Annotator "Donaldson"]
[PlyCount "108"]
[EventDate "2014.??.??"]

1. e4 c5 2. Nf3 d6 3. d4 cxd4 4. Nxd4 Nf6 5. Nc3 g6 6. Be3 Bg7 7. f3 O-O 8. Qd2
Nc6 9. O-O-O d5 10. exd5 Nxd5 11. Nxc6 bxc6 12. Bd4 e5 13. Bc5 Re8 14. Ne4 Be6
15. Bc4 Qc7 16. Bd6 Qd7 17. Ba3 Qd8 18. Nc5 Qh4 19. Bxd5 Bh6 20. Bxc6 Red8 21.
Bxa8 Rxd2 22. Rxd2 Bxd2+ 23. Kxd2 Qd8+ 24. Kc1 Qxa8 25. Nxe6 fxe6 26. Re1 (26.
Rd1 e4) 26... Qd5 27. b3 {Diagram #} Qd4 (27... Qa5) 28. Bb2 Qf4+ 29. Kd1 Qxh2
30. Re2 Qg1+ 31. Kd2 Qb1 32. Bxe5 Qxa2 33. Re4 Qa5+ 34. Kd3 Qb5+ 35. Kd2 Qf1
36. Re2 h5 37. Bd4 a6 38. c4 $2 Qb1 39. Rxe6 Qa2+ 40. Kc3 Qxg2 41. c5 Qxf3+ 42.
Kb4 h4 43. Rxg6+ Kh7 44. Rxa6 h3 45. Ra2 Qf4 46. Kc4 h2 47. Ra8 Qc1+ 48. Kb5
h1=Q 49. Rh8+ Kg6 50. Rxh1 Qxh1 51. c6 Qd5+ 52. Bc5 (52. Kb6 Qxd4+ 53. Kb7 Qd5
54. b4 Kf6 55. Kb6 Ke6 56. b5 (56. c7 Qa8) 56... Kd6) 52... Qxb3+ 53. Ka6 Qb8
54. Bb6 Kf6 0-1

[Event "Mechanics' SummerTNM; 30/90, SD/30"]
[Site "San Francisco"]
[Date "2014.06.10"]
[Round "3.4"]
[White "Klinetobe, David"]
[Black "Tsodikova, Natalya"]
[Result "0-1"]
[WhiteElo "2017"]
[BlackElo "2202"]
[PlyCount "50"]
[EventDate "2014.??.??"]

1. e4 c5 2. Nf3 d6 3. d4 cxd4 4. Nxd4 Nf6 5. Nc3 a6 6. Be3 e5 7. Nf3 Qc7 8. a4
Be7 9. Be2 Nbd7 10. O-O O-O 11. Nd2 b6 12. Bc4 Bb7 13. Qe2 Nc5 14. Bg5 Ne6 15.
Bxe6 fxe6 16. Qc4 Qd7 17. Qb3 d5 18. exd5 exd5 19. Rad1 Kh8 20. Bxf6 gxf6 21.
Nc4 Rg8 22. Ne3 d4 23. f3 Bc5 24. Ne4 Bxe4 25. fxe4 dxe3 0-1